02426nam a2200217Ia 450000500170000000800410001702000180005808200200007610000330009624500600012925000190018926000340020830000250024233600100026733700140027733800120029150000740030350401060037750517080048365000170219120231102150725.0120622s2010 mx 000 0 spa d a9789700760995 a301bR294t 20101 aRecasens Siches, Luiseautor10aTratado general de sociologíac/ Luis Recasens Siches a33a. edición3 aMéxicob : Porrúac, 2010 axxxii, 682 páginas atexto asin medio avolumen aTrigésimo tercera edición, reimpresión de la tercera edición  6Incluye: índice alfabético de autores (pp.653-660) índice alfabético de materias (pp.661-670) aObjeto y propósito de la sociología sus diferencias y relaciones con otras disciplinas Las funciones practicas de la sociología Precedentes, fundación y primeros pasos de la sociología Las varias experiencias de lo social La sociología como ciencia de determinados hechos humanos con sentido El problema de la definición de lo social Estudio del hombre como introducción al estudio de la sociedad, la personalidad individual y sus ingredientes sociales El supuesto y la base de las relaciones interhumanas esencialidad y funciones de lo social La cultura y su función en la sociedad, cultura objetiva, cultura subjetiva, cultura como herencia y patrimonio social Modos colectivos de conducta creencias, usos, costumbres, ritos, símbolos, etc. El control social La socialización de la conducta, la mentalidad colectiva, individuo y sociedad El progreso y el cambio social Los factores físicos y la vida social Condiciones y factores biológicos y factores psicológicos Razas y sociología La Interacción social las relaciones sociales Relaciones y procesos sociales en general Procesos asociativos Procesos sociales de oposición y disociativos Formaciones, complejos o grupos sociales, sus diversos tipos, clasificaciones varias Las muchedumbres Grupos sociales permanentes no organizados, círculos y clases sociales Los entes colectivos institucionales, en general La familia La comunidad local, sociología rural y sociología urbana La nación Sociología de la cultura y de la historia La dinámica socio-cultural-histórica Sociología del lenguaje Sociología del conocimiento o del saber Sociología del derecho Técnica y Sociedad Sociología del arte14aSOCIOLOGÍA